<?xml version="1.0" encoding="UTF-8"?><?xml-stylesheet type="text/xsl" href="static/style.xsl"?><OAI-PMH xmlns="http://www.openarchives.org/OAI/2.0/" xmlns:xsi="http://www.w3.org/2001/XMLSchema-instance" xsi:schemaLocation="http://www.openarchives.org/OAI/2.0/ http://www.openarchives.org/OAI/2.0/OAI-PMH.xsd"><responseDate>2026-04-13T07:55:51Z</responseDate><request verb="GetRecord" identifier="oai:www.recercat.cat:2072/430431" metadataPrefix="marc">https://recercat.cat/oai/request</request><GetRecord><record><header><identifier>oai:recercat.cat:2072/430431</identifier><datestamp>2024-10-31T02:29:57Z</datestamp><setSpec>com_2072_98</setSpec><setSpec>col_2072_378192</setSpec></header><metadata><record xmlns="http://www.loc.gov/MARC21/slim" xmlns:dcterms="http://purl.org/dc/terms/" xmlns:xsi="http://www.w3.org/2001/XMLSchema-instance" xmlns:doc="http://www.lyncode.com/xoai" xsi:schemaLocation="http://www.loc.gov/MARC21/slim http://www.loc.gov/standards/marcxml/schema/MARC21slim.xsd">
   <leader>00925njm 22002777a 4500</leader>
   <datafield ind2=" " ind1=" " tag="042">
      <subfield code="a">dc</subfield>
   </datafield>
   <datafield ind2=" " ind1=" " tag="720">
      <subfield code="a">Pluda, Martina</subfield>
      <subfield code="e">author</subfield>
   </datafield>
   <datafield ind2=" " ind1=" " tag="260">
      <subfield code="c">2018</subfield>
   </datafield>
   <datafield ind2=" " ind1=" " tag="520">
      <subfield code="a">El día 24 de abril de 2018, la organización internacional de bienestar animal FOUR PAWS acogió la 1ª Cumbre Internacional de Bienestar Animal en Viena, Austria. La pregunta objeto del evento fue la siguiente: "Bienestar Animal" - ¿Una necesidad para la supervivencia humana o solamente una preocupación para los privilegiados?" Más de 300 asistentes participaron en el evento para escuchar alrededor de 20 expertos de alto rango procedentes de campos de la ciencia, la agricultura, la nutrición, la economía, la política y el arte. El mensaje central, remarcado por todos los conferenciantes y participantes, es que el bienestar animal no es solo un tema de nicho, sino un problema colectivo y existencial.</subfield>
   </datafield>
   <datafield ind2=" " ind1=" " tag="520">
      <subfield code="a">On April 24th, 2018 the international animal welfare organization FOUR PAWS hosted the 1st International Animal Welfare Summit in Vienna, Austria. The meta-question of the event: "Animal welfare - A Necessity for Human Survival or Only a Concern for the Privileged?". More than 300 attendees took part in the event, to hear from over 20 high-ranking experts from the fields of science, agriculture, nutrition, economics, politics and arts. The core message, stressed by all speakers and participants, is that animal welfare is not just a niche topic, but a collective and existential issue.</subfield>
   </datafield>
   <datafield tag="653" ind2=" " ind1=" ">
      <subfield code="a">First international animal welfare summit</subfield>
   </datafield>
   <datafield tag="653" ind2=" " ind1=" ">
      <subfield code="a">Animal welfare</subfield>
   </datafield>
   <datafield tag="653" ind2=" " ind1=" ">
      <subfield code="a">Human-animal co-existence</subfield>
   </datafield>
   <datafield tag="653" ind2=" " ind1=" ">
      <subfield code="a">Nutrition and production models</subfield>
   </datafield>
   <datafield tag="653" ind2=" " ind1=" ">
      <subfield code="a">Animal welfare as business opportunity</subfield>
   </datafield>
   <datafield tag="653" ind2=" " ind1=" ">
      <subfield code="a">Primera cumbre internacional de bienestar animal</subfield>
   </datafield>
   <datafield tag="653" ind2=" " ind1=" ">
      <subfield code="a">Bienestar animal</subfield>
   </datafield>
   <datafield tag="653" ind2=" " ind1=" ">
      <subfield code="a">Coexistencia humano-animal</subfield>
   </datafield>
   <datafield tag="653" ind2=" " ind1=" ">
      <subfield code="a">Modelos de nutrición y producción</subfield>
   </datafield>
   <datafield tag="653" ind2=" " ind1=" ">
      <subfield code="a">Bienestar animal como oportunidad comercial</subfield>
   </datafield>
   <datafield ind2="0" ind1="0" tag="245">
      <subfield code="a">Chronicle of the 1st International Animal Welfare Summit - Vienna, 24th April 2018C</subfield>
   </datafield>
</record></metadata></record></GetRecord></OAI-PMH>